| 000 | 00410cam a2200169ua 4500 | ||
|---|---|---|---|
| 020 | _c1.25 | ||
| 041 |
_amal _h |
||
| 082 |
_a894.81280355 _bBAL/SA |
||
| 100 | _aBalakrishnan , K . | ||
| 245 |
_aSahyadri sanukkalil / _cK Balakrishnan. _hTextual Documents |
||
| 260 |
_aKollam : _bM S Book Depot , _c1958. |
||
| 300 | _a102 ; . | ||
| 365 | _a1.25 | ||
| 504 | _a | ||
| 942 | _cBK | ||
| 999 |
_c5061 _d5061 |
||